| 000 | 00466nam a22001577a 4500 | ||
|---|---|---|---|
| 999 |
_c7740 _d7740 |
||
| 003 | OSt | ||
| 005 | 20190319183840.0 | ||
| 008 | 190218b ||||| |||| 00| 0 eng d | ||
| 040 | _cDLC | ||
| 082 |
_a220.3 _bO97D |
||
| 245 |
_aA Dictionary of Bible Symbols _cPrepared by W. Stuart Owen/ Revised and Enlarged by P.A. Grist and R. Dowling/ |
||
| 260 |
_aLondon: _bGrace Publications: _cc.1992 |
||
| 300 |
_a148 p.; _c21 cm |
||
| 650 | _2Bible Dictionary | ||
| 942 |
_2ddc _cBK |
||